<?xml version="1.0" encoding="UTF-8"?><?xml-stylesheet type="text/xsl" href="static/style.xsl"?><OAI-PMH xmlns="http://www.openarchives.org/OAI/2.0/" xmlns:xsi="http://www.w3.org/2001/XMLSchema-instance" xsi:schemaLocation="http://www.openarchives.org/OAI/2.0/ http://www.openarchives.org/OAI/2.0/OAI-PMH.xsd"><responseDate>2026-04-13T15:14:06Z</responseDate><request verb="GetRecord" identifier="oai:www.recercat.cat:11351/13196" metadataPrefix="marc">https://recercat.cat/oai/request</request><GetRecord><record><header><identifier>oai:recercat.cat:11351/13196</identifier><datestamp>2025-06-14T04:13:46Z</datestamp><setSpec>com_2072_378070</setSpec><setSpec>com_2072_378040</setSpec><setSpec>col_2072_378092</setSpec></header><metadata><record xmlns="http://www.loc.gov/MARC21/slim" xmlns:dcterms="http://purl.org/dc/terms/" xmlns:xsi="http://www.w3.org/2001/XMLSchema-instance" xmlns:doc="http://www.lyncode.com/xoai" xsi:schemaLocation="http://www.loc.gov/MARC21/slim http://www.loc.gov/standards/marcxml/schema/MARC21slim.xsd">
   <leader>00925njm 22002777a 4500</leader>
   <datafield ind2=" " ind1=" " tag="042">
      <subfield code="a">dc</subfield>
   </datafield>
   <datafield ind2=" " ind1=" " tag="720">
      <subfield code="a">Chiara, María-Dolores</subfield>
      <subfield code="e">author</subfield>
   </datafield>
   <datafield ind2=" " ind1=" " tag="720">
      <subfield code="a">Hanzu, Felicia Alexandra</subfield>
      <subfield code="e">author</subfield>
   </datafield>
   <datafield ind2=" " ind1=" " tag="720">
      <subfield code="a">Hernando, Jorge</subfield>
      <subfield code="e">author</subfield>
   </datafield>
   <datafield ind2=" " ind1=" " tag="720">
      <subfield code="a">Araujo Castro, Marta</subfield>
      <subfield code="e">author</subfield>
   </datafield>
   <datafield ind2=" " ind1=" " tag="720">
      <subfield code="a">Alvarez-Escola, Cristina</subfield>
      <subfield code="e">author</subfield>
   </datafield>
   <datafield ind2=" " ind1=" " tag="720">
      <subfield code="a">Casteràs, Anna</subfield>
      <subfield code="e">author</subfield>
   </datafield>
   <datafield ind2=" " ind1=" " tag="720">
      <subfield code="a">Carmona-Bayonas, Alberto</subfield>
      <subfield code="e">author</subfield>
   </datafield>
   <datafield ind2=" " ind1=" " tag="720">
      <subfield code="a">Giraldo Marin, Alexandra</subfield>
      <subfield code="e">author</subfield>
   </datafield>
   <datafield ind2=" " ind1=" " tag="720">
      <subfield code="a">Capdevila Castillon, Jaume</subfield>
      <subfield code="e">author</subfield>
   </datafield>
   <datafield ind2=" " ind1=" " tag="260">
      <subfield code="c">2025-06-04T06:23:14Z</subfield>
   </datafield>
   <datafield ind2=" " ind1=" " tag="260">
      <subfield code="c">2025-06-04T06:23:14Z</subfield>
   </datafield>
   <datafield ind2=" " ind1=" " tag="260">
      <subfield code="c">2025-05</subfield>
   </datafield>
   <datafield ind2=" " ind1=" " tag="520">
      <subfield code="a">Adrenalectomy; Adrenocortical carcinoma; Mitotane</subfield>
   </datafield>
   <datafield ind2=" " ind1=" " tag="520">
      <subfield code="a">Adrenalectomia; Carcinoma adrenocortical; Mitotà</subfield>
   </datafield>
   <datafield ind2=" " ind1=" " tag="520">
      <subfield code="a">Adrenalectomía; Carcinoma adrenocortical; Mitotano</subfield>
   </datafield>
   <datafield ind2=" " ind1=" " tag="520">
      <subfield code="a">Adrenocortical carcinoma (ACC) is a rare endocrine malignancy with an estimated incidence of 0.7-2 cases per million/year. The rarity of this disease, coupled with limited preclinical models and clinical trials, has hindered progress, resulting in poor outcomes, with a 5-year survival rate of approximately 35%. Currently, the only available curative treatment is complete surgical resection of the adrenal tumor. For unresectable or metastatic ACC, the current standard therapeutic modalities are mitotane, chemotherapy, radiotherapy and locoregional treatments; however, these are noncurative. Mitotane has an adrenolytic and anti-steroidogenic effect, and it is used in the adjuvant setting for high-risk patients, as systemic therapy for metastatic disease, and/or to control hormonal secretion. While key pathways in ACC pathogenesis have been identified as potential therapeutic targets, results with targeted therapies remain modest, showing that there is a clinical unmet need for novel treatments or new combinations of exiting drugs. Effective management requires a multidisciplinary team of experts to optimize outcomes for patients. This article presents a multidisciplinary consensus on the diagnosis, management, prognosis and follow-up of patients with ACC, and the approach to two special contexts, ACC in pregnant women and hormone-producing ACC. The consensus was coordinated by the Spanish Society of Endocrinology and Nutrition (SEEN) and the Spanish Group of Neuroendocrine and Endocrine Tumors (GETNE), with contribution from experts from related societies including the Spanish Association of Surgeons (AEC), Spanish Society of Urology (AEU), Anatomic-Pathology (SEAP), Nuclear Medicine (SEMNIM), Medical Oncology (SEOM) and Radiotherapeutic Oncology (SEOR).</subfield>
   </datafield>
   <datafield ind2=" " ind1=" " tag="520">
      <subfield code="a">This work was funded by Sociedad Española de Endocrinología y Nutrición (SEEN) and the Spanish Group of Neuroendocrine and Endocrine Tumors (GETNE).</subfield>
   </datafield>
   <datafield ind1="8" ind2=" " tag="024">
      <subfield code="a">http://hdl.handle.net/11351/13196</subfield>
   </datafield>
   <datafield tag="653" ind2=" " ind1=" ">
      <subfield code="a">Decisió, Presa de</subfield>
   </datafield>
   <datafield tag="653" ind2=" " ind1=" ">
      <subfield code="a">Glàndules suprarenals - Càncer - Tractament</subfield>
   </datafield>
   <datafield tag="653" ind2=" " ind1=" ">
      <subfield code="a">Glàndules suprarenals - Càncer - Diagnòstic</subfield>
   </datafield>
   <datafield tag="653" ind2=" " ind1=" ">
      <subfield code="a">DISEASES::Neoplasms::Neoplasms::Neoplasms by Site::Endocrine Gland Neoplasms::Adrenal Gland Neoplasms::Adrenal Cortex Neoplasms::Adrenocortical Carcinoma</subfield>
   </datafield>
   <datafield tag="653" ind2=" " ind1=" ">
      <subfield code="a">Other subheadings::Other subheadings::/diagnosis</subfield>
   </datafield>
   <datafield tag="653" ind2=" " ind1=" ">
      <subfield code="a">DISEASES::Neoplasms::Neoplasms::Neoplasms by Site::Endocrine Gland Neoplasms::Adrenal Gland Neoplasms::Adrenal Cortex Neoplasms::Adrenocortical Carcinoma</subfield>
   </datafield>
   <datafield tag="653" ind2=" " ind1=" ">
      <subfield code="a">Other subheadings::Other subheadings::/therapy</subfield>
   </datafield>
   <datafield tag="653" ind2=" " ind1=" ">
      <subfield code="a">PSYCHIATRY AND PSYCHOLOGY::Behavior and Behavior Mechanisms::Psychology, Social::Group Processes::Consensus</subfield>
   </datafield>
   <datafield tag="653" ind2=" " ind1=" ">
      <subfield code="a">ENFERMEDADES::neoplasias::neoplasias::neoplasias por localización::neoplasias de las glándulas endocrinas::neoplasias de las glándulas suprarrenales::neoplasias de la corteza suprarrenal::carcinoma corticosuprarrenal</subfield>
   </datafield>
   <datafield tag="653" ind2=" " ind1=" ">
      <subfield code="a">Otros calificadores::Otros calificadores::/diagnóstico</subfield>
   </datafield>
   <datafield tag="653" ind2=" " ind1=" ">
      <subfield code="a">ENFERMEDADES::neoplasias::neoplasias::neoplasias por localización::neoplasias de las glándulas endocrinas::neoplasias de las glándulas suprarrenales::neoplasias de la corteza suprarrenal::carcinoma corticosuprarrenal</subfield>
   </datafield>
   <datafield tag="653" ind2=" " ind1=" ">
      <subfield code="a">Otros calificadores::Otros calificadores::/terapia</subfield>
   </datafield>
   <datafield tag="653" ind2=" " ind1=" ">
      <subfield code="a">PSIQUIATRÍA Y PSICOLOGÍA::conducta y mecanismos de la conducta::psicología social::procesos de grupo::consenso</subfield>
   </datafield>
   <datafield ind2="0" ind1="0" tag="245">
      <subfield code="a">Spanish consensus on the diagnosis and management of adrenocortical carcinoma</subfield>
   </datafield>
</record></metadata></record></GetRecord></OAI-PMH>